Tuổi mười bảy
Zapisane w:
| 1. autor: | |
|---|---|
| Format: | Książka |
| Język: | Undetermined |
| Wydane: |
Tp. HCM
Trẻ
1999
|
| Hasła przedmiotowe: | |
| Etykiety: |
Dodaj etykietę
Nie ma etykietki, Dołącz pierwszą etykiete!
|
| Thư viện lưu trữ: | Trung tâm Học liệu Trường Đại học Cần Thơ |
|---|
| LEADER | 00451nam a2200169Ia 4500 | ||
|---|---|---|---|
| 001 | CTU_36810 | ||
| 008 | 210402s9999 xx 000 0 und d | ||
| 082 | |a 891.734 | ||
| 082 | |b M444 | ||
| 100 | |a German Madvéev | ||
| 245 | 0 | |a Tuổi mười bảy | |
| 245 | 0 | |c German Madvéev | |
| 260 | |a Tp. HCM | ||
| 260 | |b Trẻ | ||
| 260 | |c 1999 | ||
| 650 | |a russian fiction ( vietnamese ) | ||
| 980 | |a Trung tâm Học liệu Trường Đại học Cần Thơ | ||